Poison number - Statystyki

Ogólne statystyki
  • Ten quiz został rozwiązany 42 razy
  • Średni wynik to 6 z 27
Answers on the Grid
Answers color-coded by a green-red scale on the quiz's grid according to % correct below.
1
2
3
4
5
6
7
8
9
10
11
12
13
14
15
16
17
18
19
20
21
22
23
24
25
26
27
28
29
30
 
Statystyki odpowiedzi
Odpowiedź % Poprawnych
1
68%
3
58%
2
47%
16
37%
28
32%
6
32%
10
26%
5
26%
7
26%
8
26%
12
21%
17
21%
18
21%
20
21%
24
21%
30
21%
9
21%
13
16%
14
16%
23
16%
27
16%
29
16%
11
11%
15
11%
21
11%
22
5%
25
5%
Nie znaleziono quizów pasujących do podanych kryteriów
Rozkład punktacji
Procent ludzi z każdym wynikiem
Percentyl według liczby udzielonych odpowiedzi
Twoja historia wyników
Nie rozwiązałeś tego quizu